[Event "Nezhmetdinov Memorial 40th"]
[Site "Kazan"]
[Date "2018.09.15"]
[Round "3"]
[White "Guzhova, Amina"]
[Black "Pogorelskikh, Sofia"]
[Result "0-1"]
[WhiteElo "1554"]
[BlackElo "2037"]
[PlyCount "56"]
[EventDate "2018.09.13"]
[EventType "swiss"]
[EventRounds "9"]
[EventCountry "RUS"]
[SourceTitle "CBM 186 Extra"]
[Source "ChessBase"]
[SourceDate "2018.08.24"]
[SourceVersion "1"]
[SourceVersionDate "2018.08.24"]
[SourceQuality "1"]

1. d4 Nf6 2. Bf4 g6 3. e3 Bg7 4. Nf3 0-0 5. h3 d6 6. Be2 b6 7. 0-0 Bb7 8. c4 Ne4 9. Nbd2 Nd7 10. Nxe4 Bxe4 11. Nd2 Bb7 12. Rb1 e5 13. dxe5 dxe5 14. Bh2 Qe7 15. Qc2 a5 16. a4 Nc5 17. e4 Rfd8 18. Rbd1 Bh6 19. b3 Bxd2 20. Rxd2 Rxd2 21. Qxd2 Nxb3 22. Qb2 Nd4 23. f3 Qb4 24. Qxb4 axb4 25. Bd1 f6 26. Bg3 b3 27. Rf2 Rxa4 28. Rb2 Ra1 0-1